Ligeros apuntes sobre el problema silvo- pastoral de España / (Record no. 111183)

MARC details
000 -LEADER
campo de control de longitud fija 00433nam a2200145 4500
001 - NÚMERO DE CONTROL
campo de control 111183
003 - IDENTIFICADOR DE NÚMERO DE CONTROL
campo de control ES-MaACL
005 - FECHA Y HORA DE LA ÚLTIMA TRANSACCIÓN
campo de control 20230906185247.0
007 - CAMPO FIJO DE DESCRIPCIÓN FÍSICA--INFORMACIÓN GENERAL
campo de control de longitud fija t|
008 - DATOS DE LONGITUD FIJA--INFORMACIÓN GENERAL
campo de control de longitud fija 061121s1913 sp r ||||1| spa d
100 1# - ENTRADA PRINCIPAL--NOMBRE DE PERSONA
Nombre de persona Olazábal, Domingo.
9 (RLIN) 86679
245 10 - MENCIÓN DEL TÍTULO
Título Ligeros apuntes sobre el problema silvo- pastoral de España /
Mención de responsabilidad, etc. Domingo Olazábal.
260 ## - PUBLICACIÓN, DISTRIBUCIÓN, ETC.
Lugar de publicación, distribución, etc. Madrid :
Nombre del editor, distribuidor, etc. [s.n.],
Fecha de publicación, distribución, etc. 1913 (
Fabricante Imp. Alemana)
852 ## - LOCALIZACIÓN
Ubicación ES-MaACL
Número de control de estantería T-1350-F-1
Holdings
Estatus retirado Estado de pérdida Estado de daño No para préstamo Colección Biblioteca de origen Biblioteca actual Ubicación en estantería Fecha de adquisición Fuente de adquisición Total de préstamos Signatura topográfica completa Código de barras Visto por última vez Precio de reemplazo Tipo de ítem Koha
        Colección de folletos Biblioteca del Ateneo de Madrid Biblioteca del Ateneo de Madrid Depósito folletos 17/01/2008     T-1350-F-1 1115998 23/02/2023 23/02/2023 Folleto